|
|
|
|
| LEADER |
00000cam a2200000 7i4500 |
| 001 |
0000000329 |
| 005 |
20000802.0 |
| 020 |
0 |
0 |
|a 9678904543000
|
| 090 |
0 |
0 |
|a MR347.595060264bMOH 1992
|
| 100 |
1 |
0 |
|a Mohan
|h S.
|
| 245 |
1 |
0 |
|a Law of evidence in Malaysia with cases and commentaries
|c S. Mohan
|f with foreword by Tun Dato' Seri Abdul Hamid Omar
|
| 260 |
0 |
0 |
|a Kuala Lumpur :
|b International Law Book Services ,
|c 1992
|
| 300 |
|
|
|a xii, 496 p. ;
|c 25 cm.
|
| 650 |
0 |
0 |
|a Evidence (Law)
|z Malaysia
|x Cases
|
| 700 |
0 |
1 |
|a Abdul Hamid Omar
|f Tun Dato' Seri ,
|c 1929-
|
| 999 |
|
|
|a 0000001494
|b Monograph
|c Reference
|e Default branch
|